000
00359nam a22001577a 4500
003
MPLRDC
005
20220104142604.0
008
210129b ||||| |||| 00| 0 eng d
082
_a
528.972 ZZTa
100
_a
张志通
245
_a
新编外丹功
_c
260
_a
_b
张志通
_c
300
_b
平
650
_a
中国武术
942
_c
BK
_o
528.972 ZZTa
999
_c
32099
_d
32089